000 00634nam a2200265Ia 4500
001 Z_5831
003 CHAP
008 220113s2005 xx 000 0 und d
010 _a169033
020 _a970-37-0163-9
040 _cCHAP
082 _a912.72 G7
245 _aGran atlas de México : una visión desde el espacio /
_cPedro Moreno Hentz
260 _aMéxico, D.F. :
_bPlaneta,
_c2005
300 _a146 p. :
_bilus. : mapas
503 _ac/e
650 _aAtlas
_98256
650 _aMéxico
_xMapas
_976780
901 _a912.72 G7
902 _aA
910 _a2005
942 _c1
942 _cc1
999 _c169033
_d169033